Juventud rural en el Distrito de Riego Arenal-Tempisque: situación actual y perspectivas/
Zapisane w:
| 1. autor: | |
|---|---|
| Kolejni autorzy: | , |
| Format: | Książka |
| Język: | Spanish |
| Hasła przedmiotowe: | |
| Etykiety: |
Dodaj etykietę
Nie ma etykietki, Dołącz pierwszą etykiete!
|
MARC
| LEADER | 00000nam a22000007a 4500 | ||
|---|---|---|---|
| 003 | cru CIDCACS/IIS | ||
| 005 | 20230509171739.0 | ||
| 008 | 230509b2003 cr ||||| |||| 00| 0 spa d | ||
| 040 | |c cru CIDCACS/IIS | ||
| 090 | |a REV1228 725-AO-036 2003 | ||
| 100 | 1 | |9 3771 |a Alvarado Vargas, Asdrúbal | |
| 245 | |a Juventud rural en el Distrito de Riego Arenal-Tempisque: |b situación actual y perspectivas/ |c Ana Rodríguez, Asdrúbal Alvarado y Xiomara Pessoa | ||
| 300 | |a 57 páginas | ||
| 650 | 0 | |9 2497 |a JUVENTUD RURAL | |
| 650 | 0 | |9 4355 |a ASPECTOS ECONOMICOS | |
| 650 | 0 | |9 632 |a ASPECTOS SOCIALES | |
| 650 | 0 | |9 5178 |a ASPECTOS CULTURALES | |
| 650 | 0 | |9 487 |a ACCESO A LA EDUCACION | |
| 651 | 0 | |9 3822 |a GUANACASTE | |
| 700 | 1 | |9 11296 |a Rodríguez Molina, Ana | |
| 700 | 1 | |9 11297 |a Pesoa, Xiomara | |
| 773 | |t Serie Informes Finales de Investigación |o REV1228 725-AO-036 2003 | ||
| 942 | |2 z |c PP | ||
| 999 | |c 44954 |d 44954 | ||
| 773 | 0 | |0 44044 |9 8881 |a Instituto de Investigaciones Sociales (UCR) |d San José, Costa Rica IIS 1975- |o 23335 |t SERIE INFORMES FINALES DE INVESTIGACION. | |
